<?xml version="1.0" encoding="UTF-8"?>
<record
    xmlns:xsi="http://www.w3.org/2001/XMLSchema-instance"
    xsi:schemaLocation="http://www.loc.gov/MARC21/slim http://www.loc.gov/standards/marcxml/schema/MARC21slim.xsd"
    xmlns="http://www.loc.gov/MARC21/slim">

  <leader>00358nam a22001337a 4500</leader>
  <controlfield tag="005">20250828124708.0</controlfield>
  <controlfield tag="008">250828b        |||||||| |||| 00| 0 eng d</controlfield>
  <datafield tag="041" ind1=" " ind2=" ">
    <subfield code="a">Eng.</subfield>
  </datafield>
  <datafield tag="100" ind1=" " ind2=" ">
    <subfield code="a">Kulkarni, Anand &amp; Others</subfield>
    <subfield code="9">212845</subfield>
  </datafield>
  <datafield tag="245" ind1=" " ind2=" ">
    <subfield code="a">English for Competitive Examinations   ( S.Y.B.A. ) </subfield>
  </datafield>
  <datafield tag="260" ind1=" " ind2=" ">
    <subfield code="a">Pune</subfield>
    <subfield code="b">Vaibhav Book House</subfield>
  </datafield>
  <datafield tag="300" ind1=" " ind2=" ">
    <subfield code="a">299</subfield>
  </datafield>
  <datafield tag="942" ind1=" " ind2=" ">
    <subfield code="c">BK</subfield>
  </datafield>
  <datafield tag="999" ind1=" " ind2=" ">
    <subfield code="c">367536</subfield>
    <subfield code="d">367536</subfield>
  </datafield>
  <datafield tag="952" ind1=" " ind2=" ">
    <subfield code="0">0</subfield>
    <subfield code="1">0</subfield>
    <subfield code="2">ddc</subfield>
    <subfield code="4">0</subfield>
    <subfield code="7">0</subfield>
    <subfield code="a">SSMM</subfield>
    <subfield code="b">SSMM</subfield>
    <subfield code="d">2025-08-28</subfield>
    <subfield code="e">Vaibhav book House</subfield>
    <subfield code="g">200.00</subfield>
    <subfield code="i">1967</subfield>
    <subfield code="l">1</subfield>
    <subfield code="p">SSMM-BK-33533</subfield>
    <subfield code="q">2025-10-04</subfield>
    <subfield code="r">2025-09-04 00:00:00</subfield>
    <subfield code="s">2025-09-04</subfield>
    <subfield code="w">2020-08-25</subfield>
    <subfield code="y">BK</subfield>
    <subfield code="z">010033533</subfield>
  </datafield>
  <datafield tag="952" ind1=" " ind2=" ">
    <subfield code="0">0</subfield>
    <subfield code="1">0</subfield>
    <subfield code="2">ddc</subfield>
    <subfield code="4">0</subfield>
    <subfield code="7">0</subfield>
    <subfield code="a">SSMM</subfield>
    <subfield code="b">SSMM</subfield>
    <subfield code="d">2025-08-28</subfield>
    <subfield code="e">Vaibhav book House</subfield>
    <subfield code="g">200.00</subfield>
    <subfield code="i">1967</subfield>
    <subfield code="p">SSMM-BK-33534</subfield>
    <subfield code="r">2025-08-28 00:00:00</subfield>
    <subfield code="w">2020-08-25</subfield>
    <subfield code="y">BK</subfield>
    <subfield code="z">010033534</subfield>
  </datafield>
  <datafield tag="952" ind1=" " ind2=" ">
    <subfield code="0">0</subfield>
    <subfield code="1">0</subfield>
    <subfield code="2">ddc</subfield>
    <subfield code="4">0</subfield>
    <subfield code="7">0</subfield>
    <subfield code="a">SSMM</subfield>
    <subfield code="b">SSMM</subfield>
    <subfield code="d">2025-08-28</subfield>
    <subfield code="e">Vaibhav book House</subfield>
    <subfield code="g">200.00</subfield>
    <subfield code="i">1967</subfield>
    <subfield code="p">SSMM-BK-33535</subfield>
    <subfield code="r">2025-08-28 00:00:00</subfield>
    <subfield code="w">2020-08-25</subfield>
    <subfield code="y">BK</subfield>
    <subfield code="z">010033535</subfield>
  </datafield>
  <datafield tag="952" ind1=" " ind2=" ">
    <subfield code="0">0</subfield>
    <subfield code="1">0</subfield>
    <subfield code="2">ddc</subfield>
    <subfield code="4">0</subfield>
    <subfield code="7">0</subfield>
    <subfield code="a">SSMM</subfield>
    <subfield code="b">SSMM</subfield>
    <subfield code="d">2025-08-28</subfield>
    <subfield code="e">Vaibhav book House</subfield>
    <subfield code="g">200.00</subfield>
    <subfield code="i">1967</subfield>
    <subfield code="p">SSMM-BK-33536</subfield>
    <subfield code="r">2025-08-28 00:00:00</subfield>
    <subfield code="w">2020-08-25</subfield>
    <subfield code="y">BK</subfield>
    <subfield code="z">010033536</subfield>
  </datafield>
  <datafield tag="952" ind1=" " ind2=" ">
    <subfield code="0">0</subfield>
    <subfield code="1">0</subfield>
    <subfield code="2">ddc</subfield>
    <subfield code="4">0</subfield>
    <subfield code="7">0</subfield>
    <subfield code="a">SSMM</subfield>
    <subfield code="b">SSMM</subfield>
    <subfield code="d">2025-08-28</subfield>
    <subfield code="e">Vaibhav book House</subfield>
    <subfield code="g">200.00</subfield>
    <subfield code="i">1967</subfield>
    <subfield code="p">SSMM-BK-33537</subfield>
    <subfield code="r">2025-08-28 00:00:00</subfield>
    <subfield code="w">2020-08-25</subfield>
    <subfield code="y">BK</subfield>
    <subfield code="z">010033537</subfield>
  </datafield>
</record>
